000 00359 a2200121 4500
001 ART_2251
005 20260410161724.0
008 260409a
245 1 0 _aNormas de auditoría
100 1 _aSlosse, Carlos Alberto
700 1 _aGordicz, Juan Carlos
773 0 _tAdministración de empresas
_g- Año XVIII, Nº 206 (may. 1987)
_wREV2036
999 _c17224
_d17224